00689nam a2200193 a 450000100100000000500170001000800410002702000150006804000250008308200190010811000180012724501160014526000400026130000320030150000930033365000140042665000290044065000260046900002151320260212111435.0100908s1994 waud 000 0 spa d a0195209966 aDO-SdBNPbspacBNPHU a331.252bB213e2 aBanco Mundial10aEnvejecimiento sin crisis :bpolíticas para la protección de los ancianos y la promoción del crecimiento. aWashington :bBanco Mundial,c1994. a457 p. :btablas, ;c23 cm. a"Informe del Banco Mundial sobre investigaciones relativas a políticas de desarrollo". 0aPensiones 4aIngresos de jubilación 4aAsistencia a la vejez